LIBRARY & INFORMATION CENTRE, KCAET, TAVANUR

ONLINE PUBLIC ACCESS CATALOGUE (OPAC)

Biotechnology:Academic cell update (Record no. 13863)

MARC details
000 -LEADER
fixed length control field 00277nam a22001217a 4500
020 ## - INTERNATIONAL STANDARD BOOK NUMBER
ISBN 9780123850638
082 ## - DEWEY DECIMAL CLASSIFICATION NUMBER
Classification number 660.6 CLA/BI
100 ## - MAIN ENTRY--AUTHOR NAME
Personal name Clark, David P
245 ## - TITLE STATEMENT
Title Biotechnology:Academic cell update
260 ## - PUBLICATION, DISTRIBUTION, ETC. (IMPRINT)
Place of publication Amsterdam
Name of publisher Elsevier
Year of publication 2012
300 ## - PHYSICAL DESCRIPTION
Number of Pages 750
942 ## - ADDED ENTRY ELEMENTS (KOHA)
Koha item type Books
Holdings
Withdrawn status Lost status Damaged status Collection code Home library Current library Shelving location Date acquired Source of acquisition Cost, normal purchase price Full call number Accession Number Koha item type
      Reference KAUAET KAUAET Reference 31/03/2012 Universal Research Books, Thrissur 4565.12 660.6 CLA/BI 23342 Books
free website counter